Marketingová komunikácia vo franchisingovom reťazci spoločnosti Re/MAX Slovensko bakalárska práca

Na minha lista:
Detalhes bibliográficos
Autor principal: Palo, Ivan
Autor Corporativo: Obchodná fakulta EU. Katedra marketingu
Outros Autores: Orgonáš, Jozef, 1957-
Formato: Livro
Idioma:eslovaco
Publicado em: Bratislava 2020
Tags: Adicionar Tag
Sem tags, seja o primeiro a adicionar uma tag!

MARC

LEADER 00000nbm a2200000 4500
001 0266611
005 20201006101433.1
041 0 |a slo 
044 |a SK 
245 1 0 |a Marketingová komunikácia vo franchisingovom reťazci spoločnosti Re/MAX Slovensko  |b bakalárska práca  |c Ivan Palo ; školiteľ: Jozef Orgonáš 
264 1 |a Bratislava  |c 2020 
300 |a 48 s. 
100 1 |a Palo, Ivan 
700 1 |a Orgonáš, Jozef, 1957- 
710 2 |a Obchodná fakulta EU. Katedra marketingu